000 01072nam a2200313 a 4500
001 000038163
003 DO-SdBPM
005 20241016103720.0
008 130320s2004 dr 000 0 spa d
020 _z99934584X
040 _aDO-SdBPM
_bspa
_cBPMSU
082 _a371.227
_bU42c, 2004
_222
100 1 _aMorel, Luis A. Ulloa
100 z _a Morel, Luis A. Ulloa
245 1 4 _aLos caminos del aprendizaje :
_bpedagogía para educandos /
_cLuis Ulloa Morel ; prólogo Héctor Martínez Fernández.
250 _a2ª ed.
260 _aSanto Domingo :
_bEditora Centenario ,
_c2004.
300 _a136 p. ;
_c23 cm.
500 _aIncluye datos biográficos del autor en la contracubierta.
504 _aIncluye bibliografía y notas al pie de páginas.
504 _aBibliografía : p. 130-133.
590 _aInventariado,2024/VM
650 4 _aPedagogía
650 4 _aAprendizaje activo
650 4 _aAptitud de aprendizaje
700 1 _aMartínez Fernández, Héctor,
_d1949-
_eprólogo
910 _aVMateo V. Control de calidad BPMSU
942 _2ddc
_cBK
999 _c12747
_d12747